| 000 | 00556cam a2200217 i 4500 | ||
|---|---|---|---|
| 001 | 1812087 | ||
| 005 | 20180129091901.0 | ||
| 008 | 790524s1978 nyu b 001 0 eng | ||
| 010 | _a 79107649 | ||
| 020 | _c$16.50 | ||
| 040 |
_aDLC _cDLC _dDLC |
||
| 041 | _aeng | ||
| 080 | _a530.8 | ||
| 082 | 0 | 0 | _a530.8 GRE |
| 100 | 1 | _a52 | |
| 101 | _aEKO | ||
| 245 | 1 | 0 |
_aMetric conversion handbook / _cby Marvin H. Green. |
| 504 | _aIncludes bibliographical references and index. | ||
| 906 |
_a7 _bcbc _corignew _d2 _encip _f19 _gy-gencatlg |
||
| 942 |
_2ddc _cBK |
||
| 999 |
_c41195 _d41195 |
||